000 00795cam a22002653a 4500
001 6078
003 PGUSA
005 20140828083128.0
008 040701s2004||||xxu|||||s|||||000 | eng d
040 _aPGUSA
_beng
042 _adc
050 4 _aQH
100 1 _aAgassiz, Louis,
_d1807-1873
245 1 0 _aLouis Agassiz :
_bHis Life and Correspondence
_h[electronic resource] /
_cLouis Agassiz
260 _bProject Gutenberg,
_c2004
506 _aPublic domain in the USA.
516 _aElectronic text
653 _aScientists -- Biography
653 _aAgassiz, Louis, 1807-1873
653 _aScientists -- Correspondence
700 1 _aAgassiz, Elizabeth Cabot Cary,
_d1822-1907
830 0 _aProject Gutenberg
_v6078
856 4 0 _uhttp://www.gutenberg.org/ebooks/6078
942 _cEB
999 _c235406
_d235406